• 首页
  • 本馆介绍
  • 公告通知
  • 最新文献
  • 馆藏检索
  • 电子资源
  • 读者导购
  • 参考咨询
  • 我的图书馆
  • 登录
  • 详细信息显示
  • 放入我的书架
  • 预约/预借图书
  • 作者相关作品
  • 分类相关作品
  • 丛书相关作品
  • 出版社相关作品

书目信息

  • 表格格式
  • 工作单格式
  • 卡片格式
题名:
第二语言习得研究的语言学视野
    
 
作者: 唐承贤 著
分册:  
出版信息: 广州   世界图书出版广东有限公司  2014.12
页数: 256页
开本: 24cm
丛书名: 语言学研究新视野文库
单 册:
中图分类: H003
科图分类:
主题词: 第二语言--Di Er Yu Yan--研究 , 研究--Yan Jiu
电子资源:
ISBN: 978-7-5100-7286-4
000 01205nam0 22003011 450
001 0121113148
005 20161122094713.92
010    @a978-7-5100-7286-4@dCNY50.00
100    @a20150327d2014 em y0chiy50 ea
101 0  @achi
102    @aCN@b440000
105    @ak a 000yy
106    @ar
200 1  @a第二语言习得研究的语言学视野@ADi Er Yu Yan Xi De Yan Jiu De Yu Yan Xue Shi Ye@dLinguistic insights into second language acquisition research@f唐承贤著@zeng
210    @a广州@c世界图书出版广东有限公司@d2014.12
215    @a256页@d24cm
225 2  @a语言学研究新视野文库@AYu Yan Xue Yan Jiu Xin Shi Ye Wen Ku
300    @a中央高校基本科研业务费专项科研项目资助, No MR2013050
320    @a有书目 (第234-256页)
330    @a本书共分为三部分, 十五章, 主要内容包括: 标记理论与第二语言学习得研究 ; 普遍语法与第二语言习得研究 ; 认知语言学与第二语言学习得研究。
461  0 @12001 @a语言学研究新视野文库
510 1  @aLinguistic insights into second language acquisition research@zeng
606 0  @a第二语言@ADi Er Yu Yan@x研究
606 0  @a研究@AYan Jiu
690    @aH003@v5
701  0 @a唐承贤@ATang Cheng Xian@4著
801  0 @aCN@bTANGWEI@c20161118
905    @b0899395-9@dH003@e233@f5
    
    第二语言习得研究的语言学视野=Linguistic insights into second language acquisition research/唐承贤著.-广州:世界图书出版广东有限公司,2014.12
    256页;24cm.-(语言学研究新视野文库)
    中央高校基本科研业务费专项科研项目资助, No MR2013050
    
    ISBN 978-7-5100-7286-4:CNY50.00
    本书共分为三部分, 十五章, 主要内容包括: 标记理论与第二语言学习得研究 ; 普遍语法与第二语言习得研究 ; 认知语言学与第二语言学习得研究。
●
相关链接 在E读中查询图书 在五车中查询图书 在当当中查询图书 在豆瓣中查询图书


正题名:第二语言习得研究的语言学视野     索取号:H003/233         预约/预借

序号 登录号 条形码 馆藏地/架位号 状态 备注
1 0899395   208993954   第二样本阅览室/ [索取号:H003/233] 在馆    
2 0899396   208993963   密集书库-文学院/ [索取号:H003/233] 在馆    
3 0899397   208993972   第四借阅区/ [索取号:H003/233] 在馆    
4 0899398   208993981   第四借阅区/ [索取号:H003/233] 在馆    
5 0899399   208993990   第四借阅区/ [索取号:H003/233] 在馆    
唐山师范学院图书馆 欢迎您!
大连网信软件有限公司© 版权所有